000 00748nam a22001937a 4500
003 0
005 20240910160627.0
008 240910b xxu||||| |||| 00| 0 eng d
020 _a978-1-5297-9183-9
050 _aQA 135.6
_b.M33 2023
100 _aMacdonald, Beth L.
245 _aTeaching mathematics conceptually
_bguiding instructional principles for 5-10-years-old
_cBeth L. Macdonald and Jonathan N. Thomas
260 _aLondon
_bSage Publications Ltd.
_c2023
300 _axi, 170 pages :
_bcolored illustrations and pictures ;
_c24cm.
504 _aIncludes bibliographical references and index.
650 _aMathematics--study and teaching (elementary).
650 _aMathematics--study and teaching (secondary).
942 _2lcc
_cBK
999 _c366213
_d366213